| 000 | 00938nam a2200241 4500 | ||
|---|---|---|---|
| 001 | 107521 | ||
| 003 | ES-MaACL | ||
| 005 | 20230906184434.0 | ||
| 007 | t| | ||
| 008 | 061121s1966 ve r ||||1| spa d | ||
| 080 | _a352/353(460)"17/18" | ||
| 080 | _a352/353(8=134)"17/18" | ||
| 100 | 1 |
_aMorazzani de Pérez Enciso, Gisela. _983177 |
|
| 245 | 1 | 3 |
_aLa Intendencia en España y América / _cGisela Morazzani de Pérez Enciso ; prólogo de Eduardo Arcila Farias. |
| 260 |
_aCaracas : _bUniversidad Central de Venezuela, Consejo de Desarrollo Científico y Humanístico, _c1966. |
||
| 300 |
_a596 p. ; _c24. |
||
| 650 | 4 |
_aAdministración local- _zEspaña- _yS.XVIII. _99636 |
|
| 650 | 4 |
_aAdministración local- _zEspaña- _yS.XIX. _9165454 |
|
| 650 | 4 |
_aAdministración local- _zAmérica Latina. _9174464 |
|
| 700 | 1 |
_aArcila Farias, Eduardo. _922492 |
|
| 710 | 2 |
_aUniversidad Central de Venezuela. _97083 |
|
| 852 | 4 |
_aES-MaACL _jC-31558 |
|
| 999 |
_c107521 _d107521 |
||